Normal view
MARC view
Entry Personal Name
001 - CONTROL NUMBER
- control field: 73145
003 - CONTROL NUMBER IDENTIFIER
- control field: dpl
005 - DATE AND TIME OF LATEST TRANSACTION
- control field: 20241022123251.0
008 - FIXED-LENGTH DATA ELEMENTS
- fixed length control field: 241022|| aca||aabn | a|a d
040 ## - CATALOGING SOURCE
- Original cataloging agency: dpl
- Transcribing agency: dpl
100 ## - HEADING--PERSONAL NAME
- Personal name: Prakash, Pankaj
670 ## - SOURCE DATA FOUND
- Source citation: Work cat.: (dpl)206566: Prakash, Pankaj, The Coffee/, 2023
